[Event "DVM U12 2017"]
[Site "Magdeburg GER"]
[Date "2017.12.28"]
[Round "4"]
[White "Theisen, Johannes"]
[Black "Mischke, Richard"]
[Result "0-1"]
[Termination "normal"]
[Board "9.4"]
[WhiteElo "1177"]
[BlackElo "926"]
[WhiteTeam "Klub Kölner SF"]
[BlackTeam "VfL Gräfenhainichen"]
[PlyCount "110"]
[WhiteFideId "16255526"]
[BlackFideId "16255585"]
[EventCountry "GER"]
[EventRounds "7"]
[EventType "team-swiss"]
[EventDate "2017.12.26"]

1. e4 c5 2. Nf3 a6 3. Nc3 Nf6 4. d4 cxd4 5. Nxd4 e5 6. Nb3 Bb4 7. Bd2 Nc6 8. a3
Ba5 9. Nxa5 Nxa5 10. b4 Nc6 11. Bc4 O-O 12. Bg5 h6 13. Bh4 d6 14. O-O Nd4 15.
Nd5 g5 16. Nxf6+ Qxf6 17. Bg3 b5 18. Bd5 Rb8 19. c3 Ne6 20. Bxe6 Qxe6 21. Qd3
Bb7 22. Rfd1 Rbd8 23. Rac1 Bc6 24. c4 bxc4 25. Rxc4 Bb5 26. Rdc1 Bxc4 27. Rxc4
Rc8 28. Rxc8 Rxc8 29. h3 h5 30. Qe3 Qg6 31. h4 f6 32. hxg5 fxg5 33. Kf1 Kh7 34.
f3 Kh6 35. Qb6 h4 36. Bf2 Ra8 37. Qb7 Qe8 38. Qb6 Qb5+ 39. Ke1 Qxb6 40. Bxb6
Rc8 41. Kd2 Kg7 42. Kd3 Kg6 43. Bf2 Kh5 44. a4 g4 45. b5 gxf3 46. gxf3 axb5 47.
axb5 h3 48. Bg3 Kg5 49. Ke2 Rc5 50. b6 Rb5 51. Kf2 Rxb6 52. Kg1 Rb2 53. Bf2 Kf4
54. Kf1 Kxf3 55. Ke1 h2 0-1